Use of rubber seed oil in polychloroprene rubber compounds (Record no. 71948)

MARC details
000 -LEADER
fixed length control field 01318nam a2200229Ia 4500
100 ## - MAIN ENTRY--AUTHOR NAME
Personal name Joseph R
245 #0 - TITLE STATEMENT
Title Use of rubber seed oil in polychloroprene rubber compounds
260 ## - PUBLICATION, DISTRIBUTION, ETC. (IMPRINT)
Name of publisher Indian Journal of Natural Rubber Research
Year of publication 2002
300 ## - PHYSICAL DESCRIPTION
Number of Pages 143-149
520 ## - SUMMARY, ETC.
Summary, etc Rubber seed oil has been evaluated as an acid acceptor and plasticizer in gum and carbon black filled polychloroprene compounds replacing magnesium oxide and naphthenic type process oil. The results of the study indicate that use of rubber seed oil helps to achieve better scorch safety, faster cure rate and better ageing resistance in polychloroprene compounds. It can replace magnesium oxide and process oil in carbon black filled polychloroprene compounds. Use of rubber seed oil gives comparable tensile and tear strength and better abrasion resistance for the carbon black filled polychloroprene vulcanisates. Vulcanisates containing rubber seed oil do not develop fungus on their surface.
650 ## - SUBJECT ADDED ENTRY--TOPICAL TERM
Topical Term Ageing resistance
650 ## - SUBJECT ADDED ENTRY--TOPICAL TERM
Topical Term Epoxidised rubber seed oil
650 ## - SUBJECT ADDED ENTRY--TOPICAL TERM
Topical Term Fungal growth
650 ## - SUBJECT ADDED ENTRY--TOPICAL TERM
Topical Term Plasticizer
650 ## - SUBJECT ADDED ENTRY--TOPICAL TERM
Topical Term Polychloroprene rubber
650 ## - SUBJECT ADDED ENTRY--TOPICAL TERM
Topical Term Rubber seed oil
700 ## - ADDED ENTRY--PERSONAL NAME
Personal name Alex R
700 ## - ADDED ENTRY--PERSONAL NAME
Personal name Kuriakose Baby
700 ## - ADDED ENTRY--PERSONAL NAME
Personal name Premalatha C K
942 ## - ADDED ENTRY ELEMENTS (KOHA)
Koha item type Journals
Holdings
Withdrawn status Lost status Damaged status Not for loan Home library Current library Shelving location Date acquired Serial Enumeration / chronology Koha item type
      Journals RRII Library RRII Library Rubber general 17/12/2021 Volume 15, Issue 2 Journals